000 01022nam a2200193Ia 4500
005 20260609132515.0
008 160316s2013 xxu||||| |||| 00| 0 eng d
020 _a9789381082577 (hbk.)
082 _a340.07 OBE
100 _aOberoi Geeta
245 _aDeveloping the judicial education discourse/
_cOberoi Geeta
260 _aNew Delhi ;
_bThomson Reuters,
_c2013.
300 _axxvii, 310p. ;
_c22 cm
365 _b Rs. 750
505 _aThe role of the judicial education discourse; Why aiming for professionalization through the judicial education discourse; Contribution judicial education discourse to judicial professionalization different jurisdiction; Making the judicial education discourse method effective; Evolution the judicial education discourse; Globalization of the judicial education discourse; The limitation of the training discourse for continuing professional, development of judges; Conclusion and recommendations.
650 _aLegal Education
700 _a
_a
942 _2ddc
_cBK
999 _c33477
_d33477